000 00571ntaaa2200193 4500
003 01
005 20251027202951.0
008 0714s1973 ag 01
040 _aAR-BaBN
_bspa
_cAR-BaBN
_eaacr
_dRIC
082 _a972.0200 So4
100 _aSolís, Antonio de
_930538
245 _aHistoria de la conquista de Méjico
250 _a1 ed.
260 _aParis :
_bLibrería Española de Garnier Hermanos,
_cs.f.
300 _a597 p
500 _aDesde la rendición de Méjico hasta el fallecimiento de Hernán Cortés
650 _aMéjico-historia
_930539
942 _cBK
999 _c25034
_d25034